000 00539nam a2200181 i 4500
001 130348
003 ES-MaACL
005 20230906193720.0
007 t|
008 070726s1910 it ||||1| ita d
100 1 _aZambaldi, Francesco.
_9117904
245 1 0 _aElementi di prosodia e di metrica latina /
_cF. Zambaldi.
250 _a7ª rist.
260 _aTorino :
_bCasa Editrice E. Loescher,
_c1910.
650 1 4 _aAnálisis prosódico.
_99775
650 1 4 _aLengua latina-
_xMétrica y ritmo.
_914303
852 _aES-MaACL
_jT-1234-F-2
999 _c130348
_d130348